Tou.te.s les député.e.s françai.se.s élu.e.s en 2022 sur une carte - Statistiques

Statistiques générales
  • Ce quiz a été pris 1 278 fois
  • Le résultat moyen est 92 sur 577
Réponses sur la Carte
Les réponses sont colorées sur une échelle allant du rouge au vert en fonction du pourcentage des utilisateurs qui les ont devinées à leur premier essai. Vous pouvez retrouver ces pourcentages ci-dessous.
 
Statistiques - réponses
Député.e % Correct
Marine Le Pen
91%
Élisabeth Borne
66%
Eric Ciotti
65%
Mathilde Panot
64%
Sandrine Rousseau
64%
Emeline K/Bidi
62%
Louis Boyard
61%
François Ruffin
57%
Fabien Roussel
56%
Gabriel Attal
56%
Manuel Bompard
56%
Adrien Quatennens
55%
Stella Dupont
55%
Gérald Darmanin
54%
Jean-Philippe Tanguy
54%
Danièle Obono
53%
Guillaume Gouffier-Cha
53%
Liliana Tanguy
53%
Rachel Kéké
53%
Alexis Corbière
52%
Clémentine Autain
52%
Olivier Faure
52%
Alexandra Martin
51%
Didier Martin
51%
Dominique Faure
51%
Elisa Martin
51%
Pascale Martin
51%
Raquel Garrido
51%
Sébastien Chenu
48%
Yaël Braun-Pivet
47%
Aurore Bergé
46%
André Chassaigne
43%
Charles de Courson
42%
Meyer Habib
42%
Aurélien Pradié
39%
David Habib
39%
Laure Lavalette
39%
Boris Vallaud
38%
Christine Pirès-Beaune
38%
Antoine Léaument
37%
Damien Abad
37%
Nicolas Dupont-Aignan
37%
Sébastien Delogu
37%
Aymeric Caron
36%
Clément Beaune
36%
Clémence Guetté
35%
David Guiraud
35%
Eric Coquerel
35%
Grégoire de Fournas
34%
Vincent Bru
34%
Edwige Diaz
33%
Julien Bayou
33%
Julien Odoul
33%
Olivier Marleix
33%
Emmanuelle Ménard
32%
Sophia Chikirou
32%
Didier Lemaire
31%
Jérôme Guedj
31%
Olivier Véran
31%
Danielle Simonnet
30%
Olivier Dussopt
30%
Hendrik Davi
29%
Jean-René Cazeneuve
29%
Pierre Cazeneuve
29%
Prisca Thévenot
29%
Annie Genevard
28%
Fabrice Brun
28%
Hélène Laporte
28%
Joëlle Mélin
28%
Philippe Brun
28%
Caroline Fiat
27%
Cyrielle Chatelain
27%
Eric Woerth
27%
Sacha Houlié
27%
Ugo Bernalicis
27%
Bertrand Petit
26%
Frédéric Petit
26%
Maud Petit
26%
Thomas Portes
26%
Valérie Rabault
26%
Aurélien Taché
25%
Carlos Martens Bilongo
25%
Laurent Jacobelli
25%
Laurent Marcangeli
25%
Stanislas Guerini
25%
Sylvain Maillard
25%
Alma Dufour
24%
Delphine Batho
24%
Elsa Faucillon
24%
Sandrine Le Feur
24%
Arthur Delaporte
23%
Benjamin Lucas
23%
Sébastien Jumel
23%
Thomas Ménagé
23%
Caroline Parmentier
22%
Marc Le Fur
22%
Olivia Grégoire
22%
Roland Lescure
22%
Thomas Cazenave
22%
Alain David
21%
Barbara Pompili
21%
Bénédicte Taurine
21%
Eva Sas
21%
Stéphane Peu
21%
Agnès Firmin-Le Bodo
20%
Aurélien Saintoul
20%
Guillaume Kasbarian
20%
José Gonzalez
20%
Louise Morel
20%
Marc Fesneau
20%
Olivier Falorni
20%
Sarah El Haïry
20%
Sarah Legrain
20%
Alexandra Masson
19%
Aurélie Trouvé
19%
Benjamin Haddad
19%
Bryan Masson
19%
Franck Riester
19%
Hadrien Clouet
19%
Hubert Wulfranc
19%
Iñaki Echaniz
19%
Jean-Paul Lecoq
19%
Jean-Paul Mattei
19%
Joël Giraud
19%
Karl Olive
19%
Maud Bregeon
19%
Naïma Moutchou
19%
Philippe Gosselin
19%
Philippe Juvin
19%
Sophie Blanc
19%
Stéphane Vojetta
19%
Bertrand Pancher
18%
Emmanuel Fernandes
18%
François Piquemal
18%
Gilles Le Gendre
18%
Hervé Berville
18%
Loïc Prud'homme
18%
Marie-Charlotte Garin
18%
Nadège Abomangoli
18%
Pierre-Henri Dumont
18%
Pierre Morel-À-L'Huissier
18%
Thibaut François
18%
Christelle d'Intorni
17%
Christophe Bex
17%
Erwan Balanant
17%
Guillaume Garot
17%
Jean-Charles Larsonneur
17%
Jean-Louis Bourlanges
17%
Laëtitia Saint-Paul
17%
Michèle Martinez
17%
Michèle Tabarot
17%
Paul Molac
17%
Sabrina Agresti-Roubache
17%
Sandra Regol
17%
Sébastien Peytavie
17%
Violette Spillebout
17%
Anna Pic
16%
Anne-Laure Blin
16%
Brigitte Klinkert
16%
Didier Paris
16%
Dominique Potier
16%
Ersilia Soudais
16%
Estelle Youssouffa
16%
Félicie Gérard
16%
Francis Dubois
16%
Gabriel Amard
16%
Geneviève Darrieussecq
16%
Jean-Noël Barrot
16%
Jean-Pierre Vigier
16%
Léo Walter
16%
Manon Meunier
16%
Mathieu Lefèvre
16%
Mathilde Paris
16%
Nicolas Thierry
16%
Philippe Vigier
16%
Raphaël Gérard
16%
Tematai Le Gayic
16%
Thomas Mesnier
16%
Virginie Duby-Muller
16%
Astrid Panosyan-Bouvet
15%
Bastien Lachaud
15%
Bérangère Couillard
15%
Christian Girard
15%
Constance Le Grip
15%
Damien Maudet
15%
Emmanuel Taché de la Pagerie
15%
Frédéric Valletoux
15%
Frédérique Meunier
15%
Guy Bricout
15%
Julien Dive
15%
Karine Lebon
15%
Laurent Panifous
15%
Marie Pochon
15%
Moetai Brotherson
15%
Patrick Vignal
15%
Paul Midy
15%
Pierre Dharréville
15%
Sophie Taillé-Polian
15%
Stéphane Travert
15%
Véronique Louwagie
15%
Xavier Breton
15%
Andrée Taurinya
14%
Andy Kerbrat
14%
Annaïg Le Meur
14%
Annie Vidal
14%
Benjamin Saint-Huile
14%
Caroline Abadie
14%
Caroline Colombier
14%
Charles Fournier
14%
Dominique Da Silva
14%
Fadila Khattabi
14%
Farida Amrani
14%
Fatiha Keloua-Hachi
14%
Gérard Leseul
14%
Hubert Julien-Laferrière
14%
Jean-Louis Bricout
14%
Jean-Marc Zulesi
14%
Joël Aviragnet
14%
Karim Ben Cheikh
14%
Marie Guévenoux
14%
Marie Lebec
14%
Mélanie Thomin
14%
Nadia Hai
14%
Nicolas Sansu
14%
Olivier Serva
14%
Paul Vannier
14%
Philippe Pradal
14%
Pieyre-Alexandre Anglade
14%
Richard Ramos
14%
Robin Reda
14%
Rodrigo Arenas
14%
Sébastien Rome
14%
Ségolène Amiot
14%
Serge Muller
14%
Alexandre Loubet
13%
Anne Genetet
13%
Antoine Armand
13%
Arnaud Le Gall
13%
Bruno Bilde
13%
Bruno Millienne
13%
Carole Grandjean
13%
Catherine Couturier
13%
Cécile Untermaier
13%
Charlotte Leduc
13%
Damien Adam
13%
Danielle Brulebois
13%
David Taupiac
13%
Elodie Jacquier-Laforge
13%
Fabien Di Filippo
13%
Francesca Pasquini
13%
Franck Allisio
13%
Frédéric Mathieu
13%
Jean-Félix Acquaviva
13%
Jean-Michel Jacques
13%
Jean-Victor Castor
13%
Maxime Minot
13%
Michel Castellani
13%
Michel Herbillon
13%
Nathalie Oziol
13%
Olivier Becht
13%
Patricia Mirallès
13%
Paul-André Colombani
13%
Paul Christophe
13%
Philippe Ballard
13%
Quentin Bataillon
13%
Stéphanie Rist
13%
Thibault Bazin
13%
Véronique Besse
13%
William Martinet
13%
Alexandre Vincendet
12%
Alexis Jolly
12%
Angélique Ranc
12%
Anne Brugnera
12%
Anne-Laurence Petel
12%
Anne-Sophie Frigout
12%
Antoine Vermorel-Marques
12%
Béatrice Bellamy
12%
Charles Sitzenstuhl
12%
Christine Arrighi
12%
Christine Engrand
12%
David Amiel
12%
Dino Cinieri
12%
Éléonore Caroit
12%
Hubert Brigand
12%
Isabelle Santiago
12%
Isabelle Valentin
12%
Jean-Hugues Ratenon
12%
Jean-Luc Warsmann
12%
Jean-Philippe Nilor
12%
Jérôme Legavre
12%
Julie Laernoes
12%
Katiana Levavasseur
12%
Laurent Alexandre
12%
Marc Ferracci
12%
Marianne Maximi
12%
Marie-France Lorho
12%
Maud Gatel
12%
Michel Sala
12%
Mickaël Bouloux
12%
Nathalie Da Conceiao Carvalho
12%
Pascale Boyer
12%
Perceval Gaillard
12%
Philippe Lottiaux
12%
Philippe Schrek
12%
Raphaël Schellenberger
12%
Sabrina Sebaihi
12%
Stéphane Lenormand
12%
Victor Habert-Dassault
12%
Yoann Gillet
12%
Belkhir Belhaddad
11%
Brigitte Liso
11%
Caroline Janvier
11%
Céline Calvez
11%
Christophe Barthès
11%
Christophe Plassard
11%
David Valence
11%
Davy Rimane
11%
Élie Califer
11%
Emilie Bonnivard
11%
Françoise Buffet
11%
Gisèle Lelouis
11%
Hervé Saulignac
11%
Huguette Tiegna
11%
Ian Boucard
11%
Isabelle Rauch
11%
Jérémie Iordanoff
11%
Kévin Mauvieux
11%
Laurence Maillart-Méhaignerie
11%
Lionel Royer-Perreaut
11%
Mansour Kamardine
11%
Marie-Christine Dalloz
11%
Marie-Noëlle Battistel
11%
Mathilde Hignet
11%
Nathalie Bassire
11%
Nicolas Metzdorf
11%
Nicolas Turquois
11%
Olga Givernet
11%
Patrick Hetzel
11%
Pierre Cordier
11%
Sandrine Josso
11%
Soumya Bourouaha
11%
Thomas Rudigoz
11%
Victor Catteau
11%
Vincent Rolland
11%
Yaël Ménache
11%
Yannick Monnet
11%
Amal Amélia Lakrafi
10%
André Villiers
10%
Anne-Laure Babault
10%
Anne Stambach-Terrenoir
10%
Béatrice Descamps
10%
Béatrice Roullaud
10%
Bruno Fuchs
10%
Charles Rodwell
10%
Christophe Marion
10%
Christophe Naegelen
10%
Denis Masséglia
10%
Didier Le Gac
10%
Emmanuel Pellerin
10%
Eric Bothorel
10%
Fabrice Le Vigoureux
10%
Florence Goulet
10%
Florian Chauche
10%
François Jolivet
10%
Frédéric Descrozaille
10%
Graziella Melchior
10%
Jean-Claude Raux
10%
Jean-François Coulomme
10%
Jean-François Rousset
10%
Jean-Philippe Ardouin
10%
Jérôme Buisson
10%
Jocelyn Dessigny
10%
Julien Rancoule
10%
Justine Gruet
10%
Kevin Pfeffer
10%
Lisa Belluco
10%
Marie-Agnès Poussier-Winsback
10%
Marietta Karamanli
10%
Marine Ferrari
10%
Matthias Tavel
10%
Michèle Peyron
10%
Monique Iborra
10%
Nicolas Dragon
10%
Nicolas Ray
10%
Perrine Goulet
10%
Rémy Rebeyrotte
10%
Stéphane Viry
10%
Steve Chailloux
10%
Sylvain Carrière
10%
Sylvie Ferrer
10%
Thierry Benoît
10%
Valérie Bazin-Malgras
10%
Yannick Favennec Becot
10%
Yannick Neuder
10%
Alexandre Holroyd
9%
Alexandre Portier
9%
Alexandre Sabatou
9%
Alexis Izard
9%
Anaïs Sabatini
9%
Anne Le Henanff
9%
Annick Cousin
9%
Anthony Brosse
9%
Aude Luquet
9%
Béatrice Piron
9%
Benoît Bordat
9%
Benoît Mournet
9%
Bertrand Bouyx
9%
Cécile Rilhac
9%
Charlotte Parmentier-Lecocq
9%
Christian Baptiste
9%
Christine Loir
9%
Christophe Bentz
9%
Christophe Blanchet
9%
Claire Pitollat
9%
Claudia Rouaux
9%
Corinne Vignon
9%
Cyrille Isaac-Sibille
9%
Delphine Lingemann
9%
Elise Leboucher
9%
Émilie Chandler
9%
Emmanuelle Anthoine
9%
Emmanuel Maquet
9%
Eric Alauzet
9%
Eric Girardin
9%
Eric Pauget
9%
Florence Lasserre
9%
Florent Boudié
9%
Frédéric Boccaletti
9%
Frédéric Falcon
9%
Frédéric Maillot
9%
Henri Alfandari
9%
Hubert Ott
9%
Jacqueline Maquet
9%
Jean-Louis Thiériot
9%
Jean-Marc Tellier
9%
Jean-Pierre Cubertafon
9%
Jean-Pierre Pont
9%
Jean-Pierre Taite
9%
Jean Terlier
9%
Jimmy Pahun
9%
Jiovanny William
9%
Josiane Corneloup
9%
Julie Delpech
9%
Julie Lechanteux
9%
Karen Erodi
9%
Lionel Causse
9%
Lionel Tivoli
9%
Lise Magnier
9%
Lysiane Métayer
9%
Marie-Pierre Rixain
9%
Maxime Laisney
9%
Max Mathiasin
9%
Mikaele Seo
9%
Mireille Clapot
9%
Mohamed Laqhila
9%
Mounir Belhamiti
9%
Murielle Lepvraud
9%
Nicolas Meizonnet
9%
Nicole Le Peih
9%
Pascale Bordes
9%
Philippe Fait
9%
Philippe Naillet
9%
Pierre Henriet
9%
Pierre Meurin
9%
Roger Chudeau
9%
Romain Baubry
9%
Sandra Marsaud
9%
Sandrine Dogor-Such
9%
Sarah Tanzilli
9%
Sophie Errante
9%
Stéphane Delautrette
9%
Stéphane Mazars
9%
Stéphanie Kochert
9%
Thierry Frappé
9%
Véronique Riotton
9%
Vincent Descœur
9%
Xavier Albertini
9%
Bastien Marchive
8%
Benjamin Dirx
8%
Bertrand Sorre
8%
Daniel Labaronne
8%
Emeric Salmon
8%
Emmanuel Blairy
8%
Estelle Folest
8%
Frank Giletti
8%
Frantz Gumbs
8%
Idir Boumertit
8%
Jean-Carles Grelier
8%
Jean-François Portarrieu
8%
Jérémie Patrier-Leitus
8%
Jérôme Nury
8%
Johnny Hajjar
8%
José Beaurain
8%
Josy Poueyto
8%
Laurence Cristol
8%
Lionel Vuibert
8%
Louis Margueritte
8%
Marine Hamelet
8%
Marjolaine Meynier-Millefert
8%
Martine Etienne
8%
Michaël Taverne
8%
Michel Lauzzana
8%
Mickaël Cosson
8%
Natalia Pouzyreff
8%
Nicolas Forissier
8%
Pascal Lavergne
8%
Pascal Lecamp
8%
Philippe Berta
8%
Philippe Dunoyer
8%
Philippe Latombe
8%
Pierrick Berteloot
8%
Roger Vicot
8%
Romain Daubié
8%
Sophie Mette
8%
Sophie Panonacle
8%
Vincent Thiébaut
8%
Yannick Chenevard
8%
Anne-Cécile Violland
7%
Antoine Villedieu
7%
Bénédicte Auzanot
7%
Bruno Studer
7%
Chantal Jourdan
7%
Christine Decodts
7%
Emmanuel Mandon
7%
Eric Martineau
7%
Fabienne Colboc
7%
François Cormier-Bouligeon
7%
Frédéric Cabrolier
7%
Géraldine Grangier
7%
Hervé de Lépinau
7%
Jean-François Lovisolo
7%
Jean-Luc Bourgeaux
7%
Joris Hébrard
7%
Jorys Bovet
7%
Laurence Vichnievsky
7%
Lisette Pollet
7%
Loïc Kervran
7%
Luc Lamirault
7%
Ludovic Mendes
7%
Marcellin Nadeau
7%
Nicole Dubré-Chirat
7%
Philippe Bolo
7%
Sabine Thillaye
7%
Stéphane Buchou
7%
Stéphane Rambaud
7%
Stéphanie Galzy
7%
Timothée Houssin
7%
Vincent Seitlinger
7%
Yannick Haury
7%
Aurélien Lopez-Liguori
6%
Blandine Brocard
6%
Christine Cloarec-Le Nabour
6%
Emmanuel Lacresse
6%
Eric Poulliat
6%
François Gernigon
6%
Géraldine Bannier
6%
Isabelle Périgault
6%
Jean-Jacques Gaultier
6%
Jean-Yves Bony
6%
Laurence Robert-Dehault
6%
Nathalie Serre
6%
Patrice Perrot
6%
Thomas Gassilloud
6%
Xavier Roseren
6%
Christelle Petex-Levet
5%
Hadrien Ghomi
5%
Jordan Guitton
5%
Matthieu Marchio
5%
Nicolas Pacquot
5%
Guillaume Vuilletet
4%
Jean-Luc Fugit
4%
Laurent Croizier
4%
Xavier Batut
4%
Daniel Grenon
3%
Jean-Marie Fiévet
3%
Michel Guiniot
2%
Pierre Vatin
1%
Aucun quiz correspondant
Distribution des résultats
% des personnes avec chaque résultat
Percentile par nombre de réponses
Votre historique - résultats
Vous n’avez pas pris ce quiz